000 00467nam a2200193Ia 4500
008 151121s9999||||xx |||||||||||||| ||und||
082 _a901।954/MAJ
082 _bHNW-66374
100 _aMajumdar R।C
245 4 _aThe Vedic Age-Vol-I
260 _bB।V।B।Bombay।
260 _c--
300 _a572
600 _aMajumdar R।C
630 _aThe Vedic Age-Vol-I
700 _aMajumdar R।C
730 _aThe Vedic Age-Vol-I
942 _cBOOK
999 _c1247871
_d1247868